Zásady správné výživy : (populární příručka) /
Uložené v:
| Hlavný autor: | |
|---|---|
| Médium: | Kniha |
| Jazyk: | Czech |
| Vydané: |
Praha :
Státní zdravotnické nakladatelství,
1955.
|
| Vydanie: | 1. vyd. |
| Témy: | |
| ISBN: |
(brož.) |
| Fyzický popis: |
53 s. : tab. |
| Tagy: |
Pridať tag
Žiadne tagy, Buďte prvý kto otaguje tento záznam!
|
Titul je dostupný aj v ... 

MARC
| LEADER | 00000nam a22000007a 4500 | ||
|---|---|---|---|
| 001 | 000464813 | ||
| 005 | 20150417212653.0 | ||
| 008 | 960506s1955 xr r cze d | ||
| 020 | |a (brož.) |c Kčs 2,40 | ||
| 040 | |a SVKKK |b slo |c SVKKK |e AACR2 | ||
| 041 | 0 | |a cze | |
| 044 | |a xr |c CZ | ||
| 100 | 1 | |a Mašek, Josef, |d 1908-1994 |4 aut | |
| 245 | 1 | 0 | |a Zásady správné výživy : |b (populární příručka) / |c Josef Mašek ; část jídelníčkovou sestavila Vlasta Štelovská. |
| 250 | |a 1. vyd. | ||
| 260 | |a Praha : |b Státní zdravotnické nakladatelství, |c 1955. | ||
| 300 | |a 53 s. : |b tab. | ||
| 650 | 0 | 7 | |a zdravá výživa |2 SVKKKPH |
| 655 | 7 | |a príručky |2 SVKKKPH | |
| 700 | 1 | |a Štelovská, Vlasta |4 oth | |
| 910 | |a svkkk | ||
| 998 | |a BK | ||
| 090 | |g SCKHL |k Sklad Pribinova prízemie |a I.6408 |j 108224 |i 2720334716 |s Prezenčne | ||
| 090 | |g SCKHL |k Sklad Pribinova prízemie |a I.8821 |j 99672 |i 2720386080 |s Prezenčne | ||